¡Qué desastre! / (Registro nro. 4454)

Detalles MARC
000 -LEADER
fixed length control field 00973nam a2200253Ia 4500
003 - CONTROL NUMBER IDENTIFIER
control field OSt
005 - DATE AND TIME OF LATEST TRANSACTION
control field 20240626134846.0
008 - FIXED-LENGTH DATA ELEMENTS--GENERAL INFORMATION
fixed length control field 191128s2017 ck a br 000 j spa d
020 ## - INTERNATIONAL STANDARD BOOK NUMBER
International Standard Book Number 9789583056710
040 ## - CATALOGING SOURCE
Original cataloging agency CO-JMCR
Transcribing agency CO-JMCR
041 0# - LANGUAGE CODE
Language code of text/sound track or separate title spa
082 04 - DEWEY DECIMAL CLASSIFICATION NUMBER
Classification number C
Item number CAUq
100 1# - MAIN ENTRY--PERSONAL NAME
Personal name Cauchy, Véronique,
Relator term autor
9 (RLIN) 2423
245 11 - TITLE STATEMENT
Title ¡Qué desastre! /
Statement of responsibility, etc. Véronique Cauchy ; ilustración Grégoire Mabire
250 ## - EDITION STATEMENT
Edition statement Primera edición
260 ## - PUBLICATION, DISTRIBUTION, ETC.
Place of publication, distribution, etc. Bogotá :
Name of publisher, distributor, etc. Panamericana,
Date of publication, distribution, etc. 2017
300 ## - PHYSICAL DESCRIPTION
Extent 30 páginas :
Other physical details ilustraciones a color ;
Dimensions 22 cm.
490 0# - SERIES STATEMENT
Series statement OA infantil
520 ## - SUMMARY, ETC.
Summary, etc. Lucy recibe en su cumpleaños un maravilloso libro de cuentos, que le encanta, pero su perro no comparte su entusiasmo. Él odia los cuentos… así que ¡destruye el libro en mil pedazos!
521 ## - TARGET AUDIENCE NOTE
Target audience note Recomendado para niños de 3 a 6 años.
650 14 - SUBJECT ADDED ENTRY--TOPICAL TERM
Topical term or geographic name entry element Imaginación en la literatura
General subdivision cuento
9 (RLIN) 2424
700 ## - ADDED ENTRY--PERSONAL NAME
Personal name Mabire, Grégoire,
Relator term ilustrador
9 (RLIN) 2425
942 ## - ADDED ENTRY ELEMENTS (KOHA)
Source of classification or shelving scheme Dewey Decimal Classification
Koha item type Books
Existencias
Withdrawn status Lost status Source of classification or shelving scheme Damaged status Not for loan Home library Current library Date acquired Total Checkouts Full call number Barcode Date last seen Date last checked out Copy number Price effective from Koha item type
    Dewey Decimal Classification     Biblioteca Pública José María del Castillo y Rada Biblioteca Pública José María del Castillo y Rada 06/26/2024 7 C CAUq 201809322 09/08/2025 09/05/2025 Ej.1 06/26/2024 Books